| 000 | 00445pab a2200169 454500 | ||
|---|---|---|---|
| 008 | 180718b2012 xxu||||| |||| 00| 0 eng d | ||
| 100 | _aChaturvedi, Medha | ||
| 245 | _aChhattisgarh's wandering tribes: Problems of IDPs on the Chhattisgarh - A.P. Border | ||
| 260 | _c2012 | ||
| 300 | _ap.31-32. | ||
| 362 | _a7 Apr | ||
| 650 | _aTribes - India - Chhattisgarh | ||
| 650 | _aTribes | ||
| 773 | _aMainstream | ||
| 908 | _aN | ||
| 909 | _a96381 | ||
| 999 |
_c96381 _d96381 |
||